Normal view
MARC view
- Glencoe, National Geographic Society
Entry Personal Name
001 - CONTROL NUMBER
- control field: 65563
003 - CONTROL NUMBER IDENTIFIER
- control field: NUST
005 - DATE AND TIME OF LATEST TRANSACTION
- control field: 20210628203442.0
008 - FIXED-LENGTH DATA ELEMENTS
- fixed length control field: 210628|| aca||aabn | a|a d
040 ## - CATALOGING SOURCE
- Original cataloging agency: NUST
- Transcribing agency: NUST
100 ## - HEADING--PERSONAL NAME
- Personal name: Glencoe, National Geographic Society
670 ## - SOURCE DATA FOUND
- Source citation: Work cat.: (NUST): Glencoe, National Geographic Society, Science voyages, exploring the life, earth and physical science, 2005
